| 000 | 00380 a2200169 4500 | ||
|---|---|---|---|
| 001 | 189505 | ||
| 020 | _a85-352-1761-4 | ||
| 040 | _cMagnum | ||
| 100 | _aSchrijvers, Joep P. M | ||
| 240 | 1 | 0 |
_aSegunda-feira de novo?!* _lpor |
| 245 | 1 | 0 | _aSegunda-feira de novo?!* |
| 300 | _a160 | ||
| 362 | 0 | _a2009 | |
| 440 | 1 | _aElsevier | |
| 697 | _aADMINISTRAÇÃO PÚBLICA | ||
| 942 | _cBK | ||
| 999 |
_c189505 _d189505 |
||